The Clash of Civilizations and the remaking (Record no. 533599)
[ view plain ]
| 000 -LEADER | |
|---|---|
| fixed length control field | 00253nam a22001097a 4500 |
| 040 ## - CATALOGING SOURCE | |
| Transcribing agency | dlc |
| 082 ## - DEWEY DECIMAL CLASSIFICATION NUMBER | |
| Classification number | 909.829 |
| 100 ## - MAIN ENTRY--PERSONAL NAME | |
| Personal name | Samuel P. Huntington |
| 9 (RLIN) | 27555 |
| 245 ## - TITLE STATEMENT | |
| Title | The Clash of Civilizations and the remaking |
| 300 ## - PHYSICAL DESCRIPTION | |
| Extent | 367p |
| 942 ## - ADDED ENTRY ELEMENTS (KOHA) | |
| Source of classification or shelving scheme | |
| Koha item type | Book |
| Withdrawn status | Lost status | Source of classification or shelving scheme | Damaged status | Not for loan | Permanent Location | Current Location | Date acquired | Total Checkouts | Full call number | Barcode | Date last seen | Date last checked out | Price effective from | Koha item type |
|---|---|---|---|---|---|---|---|---|---|---|---|---|---|---|
| School of Civil and Environmental Engineering (SCEE) | School of Civil and Environmental Engineering (SCEE) | 01/14/2020 | 2 | 909.829 | NIT-9198 | 04/13/2026 | 02/18/2026 | 01/14/2020 | Book |
